<?xml version="1.0" encoding="UTF-8"?>
<record
    xmlns:xsi="http://www.w3.org/2001/XMLSchema-instance"
    xsi:schemaLocation="http://www.loc.gov/MARC21/slim http://www.loc.gov/standards/marcxml/schema/MARC21slim.xsd"
    xmlns="http://www.loc.gov/MARC21/slim">

  <leader>02085ncm0a2200349   4500</leader>
  <controlfield tag="001">RU\NLR\ONIZ\218596</controlfield>
  <controlfield tag="005">20250626062634.0</controlfield>
  <datafield tag="035" ind1=" " ind2=" ">
    <subfield code="a">RU\NLR\ONIZ\&#x422;&#x430;&#x43D;&#x44F;\5000004482\20170604155404</subfield>
  </datafield>
  <datafield tag="035" ind1=" " ind2=" ">
    <subfield code="a">(NLR Aleph) 011415088</subfield>
  </datafield>
  <datafield tag="071" ind1="2" ind2="0">
    <subfield code="a">&#x441; 3525 &#x43A;</subfield>
  </datafield>
  <datafield tag="090" ind1=" " ind2=" ">
    <subfield code="a">11580089</subfield>
    <subfield code="c">11580089</subfield>
  </datafield>
  <datafield tag="100" ind1=" " ind2=" ">
    <subfield code="a">20170604d2007    |||y0rusy50      ca</subfield>
  </datafield>
  <datafield tag="101" ind1="0" ind2=" ">
    <subfield code="a">eng</subfield>
    <subfield code="a">rus</subfield>
  </datafield>
  <datafield tag="102" ind1=" " ind2=" ">
    <subfield code="a">RU</subfield>
  </datafield>
  <datafield tag="125" ind1=" " ind2=" ">
    <subfield code="a">zx</subfield>
  </datafield>
  <datafield tag="145" ind1="0" ind2=" ">
    <subfield code="a">b</subfield>
  </datafield>
  <datafield tag="200" ind1="1" ind2=" ">
    <subfield code="a">&#x41C;&#x443;&#x437;&#x44B;&#x43A;&#x430; XX &#x432;&#x435;&#x43A;&#x430; &#x432; &#x43F;&#x435;&#x440;&#x435;&#x43B;&#x43E;&#x436;&#x435;&#x43D;&#x438;&#x438; &#x434;&#x43B;&#x44F; &#x434;&#x432;&#x443;&#x445; &#x444;&#x43E;&#x440;&#x442;&#x435;&#x43F;&#x438;&#x430;&#x43D;&#x43E;</subfield>
    <subfield code="b">&#x41D;&#x43E;&#x442;&#x44B;</subfield>
    <subfield code="d">Music of the 20ieth century arranged for two pianos</subfield>
    <subfield code="e">&#x443;&#x447;&#x435;&#x431;. &#x43F;&#x43E;&#x441;&#x43E;&#x431;&#x438;&#x435; &#x434;&#x43B;&#x44F; &#x438;&#x441;&#x43F;&#x43E;&#x43B;&#x44C;&#x437;&#x43E;&#x432;&#x430;&#x43D;&#x438;&#x44F; &#x432; &#x43A;&#x43B;. &#x444;&#x43F;. &#x43D;&#x430; &#x440;&#x430;&#x437;&#x43D;&#x44B;&#x445; &#x44D;&#x442;&#x430;&#x43F;&#x430;&#x445; &#x43E;&#x431;&#x443;&#x447;&#x435;&#x43D;&#x438;&#x44F;</subfield>
    <subfield code="h">&#x412;&#x44B;&#x43F;. 1</subfield>
    <subfield code="z">eng</subfield>
    <subfield code="f">&#x441;&#x43E;&#x441;&#x442;. &#x438; &#x430;&#x432;&#x442;. &#x43F;&#x435;&#x440;&#x435;&#x43B;&#x43E;&#x436;. &#x418;. &#x413;. C&#x442;&#x443;&#x447;&#x438;&#x43D;&#x441;&#x43A;&#x430;&#x44F;</subfield>
  </datafield>
  <datafield tag="210" ind1=" " ind2=" ">
    <subfield code="a">&#x421;&#x430;&#x43D;&#x43A;&#x442;-&#x41F;&#x435;&#x442;&#x435;&#x440;&#x431;&#x443;&#x440;&#x433;</subfield>
    <subfield code="c">&#x41A;&#x43E;&#x43C;&#x43F;&#x43E;&#x437;&#x438;&#x442;&#x43E;&#x440;-&#x421;&#x430;&#x43D;&#x43A;&#x442;-&#x41F;&#x435;&#x442;&#x435;&#x440;&#x431;&#x443;&#x440;&#x433;</subfield>
    <subfield code="d">2007</subfield>
  </datafield>
  <datafield tag="215" ind1=" " ind2=" ">
    <subfield code="a">86 c.</subfield>
    <subfield code="d">29 &#x441;&#x43C;</subfield>
  </datafield>
  <datafield tag="327" ind1="1" ind2=" ">
    <subfield code="a">1-2. &#x420;&#x43E;&#x43C;&#x430;&#x43D;&#x441; ; &#x41E;&#x442;&#x437;&#x432;&#x443;&#x43A;&#x438; &#x432;&#x430;&#x43B;&#x44C;&#x441;&#x430; : &#x438;&#x437; &#x43C;&#x443;&#x437;. &#x438;&#x43B;. &#x43A; &#x43F;&#x43E;&#x432;&#x435;&#x441;&#x442;&#x438; &#x410;. &#x421;. &#x41F;&#x443;&#x448;&#x43A;&#x438;&#x43D;&#x430; "&#x41C;&#x435;&#x442;&#x435;&#x43B;&#x44C;". 3-4. &#x418;&#x43D;&#x442;&#x435;&#x440;&#x43C;&#x435;&#x446;&#x446;&#x43E; ; &#x421;&#x440;&#x435;&#x434;&#x438; &#x43B;&#x443;&#x433;&#x43E;&#x432; &#x438; &#x440;&#x443;&#x447;&#x435;&#x439;&#x43A;&#x43E;&#x432; : &#x438;&#x437; &#x446;&#x438;&#x43A;&#x43B;&#x430; "&#x41F;&#x435;&#x441;&#x43D;&#x438; &#x438; &#x442;&#x430;&#x43D;&#x446;&#x44B; &#x441;&#x442;&#x430;&#x440;&#x43E;&#x439; &#x424;&#x440;&#x430;&#x43D;&#x446;&#x438;&#x438;" / &#x41C;. &#x427;&#x443;&#x43B;&#x430;&#x43A;&#x438;. 5-8. &#x41F;&#x435;&#x442;&#x435;&#x440;&#x431;&#x443;&#x440;&#x433;. &#x421;&#x430;&#x43B;&#x43E;&#x43D; &#x43A;&#x43D;&#x44F;&#x433;&#x438;&#x43D;&#x438; &#x411;&#x435;&#x442;&#x441;&#x438; &#x422;&#x432;&#x435;&#x440;&#x441;&#x43A;&#x43E;&#x439; ; &#x422;&#x430;&#x43D;&#x435;&#x446; &#x410;&#x43D;&#x43D;&#x44B; &#x441; &#x447;&#x435;&#x442;&#x44B;&#x440;&#x44C;&#x43C;&#x44F; &#x43A;&#x430;&#x432;&#x430;&#x43B;&#x435;&#x440;&#x430;&#x43C;&#x438; ; &#x411;&#x430;&#x43B;. &#x41A;&#x43E;&#x442;&#x438;&#x43B;&#x44C;&#x43E;&#x43D; ; &#x414;&#x432;&#x43E;&#x440;&#x446;&#x43E;&#x432;&#x44B;&#x439; &#x446;&#x435;&#x440;&#x435;&#x43C;&#x43E;&#x43D;&#x438;&#x430;&#x43B; : &#x438;&#x437; &#x431;&#x430;&#x43B;&#x435;&#x442;&#x430; "&#x410;&#x43D;&#x43D;&#x430; &#x41A;&#x430;&#x440;&#x435;&#x43D;&#x438;&#x43D;&#x430;" / &#x420;. &#x429;&#x435;&#x434;&#x440;&#x438;&#x43D;. 9. &#x41F;&#x430;&#x43C;&#x44F;&#x442;&#x43D;&#x438;&#x43A; &#x41B;&#x438;&#x434;&#x438;&#x446;&#x435; / &#x411;. &#x41C;&#x430;&#x440;&#x442;&#x438;&#x43D;&#x443;</subfield>
  </datafield>
  <datafield tag="606" ind1="1" ind2=" ">
    <subfield code="a">&#x41F;&#x435;&#x440;&#x435;&#x43B;&#x43E;&#x436;&#x435;&#x43D;&#x438;&#x44F; &#x434;&#x43B;&#x44F; &#x434;&#x432;&#x443;&#x445; &#x444;&#x43E;&#x440;&#x442;&#x435;&#x43F;&#x438;&#x430;&#x43D;&#x43E;</subfield>
    <subfield code="2">nlr_sh</subfield>
  </datafield>
  <datafield tag="686" ind1=" " ind2=" ">
    <subfield code="a">&#x429;952.424.49-09&#x44F;43</subfield>
    <subfield code="v">LBC/SL</subfield>
    <subfield code="2">rubbk</subfield>
  </datafield>
  <datafield tag="700" ind1=" " ind2="1">
    <subfield code="9">z04790</subfield>
    <subfield code="a">C&#x442;&#x443;&#x447;&#x438;&#x43D;&#x441;&#x43A;&#x430;&#x44F;</subfield>
    <subfield code="b">&#x418;. &#x413;.</subfield>
    <subfield code="g">&#x418;&#x434;&#x430; &#x413;&#x440;&#x438;&#x433;&#x43E;&#x440;&#x44C;&#x435;&#x432;&#x43D;&#x430;</subfield>
    <subfield code="4">030</subfield>
    <subfield code="4">220</subfield>
  </datafield>
  <datafield tag="790" ind1=" " ind2="1">
    <subfield code="9">z04700</subfield>
    <subfield code="a">Stuchinskaya</subfield>
    <subfield code="b">I. G.</subfield>
    <subfield code="g">Ida Grigor`evna</subfield>
    <subfield code="4">030</subfield>
    <subfield code="4">220</subfield>
    <subfield code="7">ba</subfield>
  </datafield>
  <datafield tag="801" ind1=" " ind2="0">
    <subfield code="a">RU</subfield>
    <subfield code="b">NLR</subfield>
    <subfield code="c">20170604</subfield>
    <subfield code="g">PSBO</subfield>
  </datafield>
  <datafield tag="801" ind1=" " ind2="1">
    <subfield code="a">RU</subfield>
    <subfield code="b">NLR</subfield>
    <subfield code="c">20170604</subfield>
    <subfield code="2">rusmarc</subfield>
  </datafield>
  <datafield tag="801" ind1=" " ind2="2">
    <subfield code="a">RU</subfield>
    <subfield code="b">NLR</subfield>
    <subfield code="c">20181022</subfield>
  </datafield>
  <datafield tag="852" ind1=" " ind2=" ">
    <subfield code="a">NLR</subfield>
    <subfield code="b">&#x41C;</subfield>
    <subfield code="j">&#x41A;-3/28424(1)</subfield>
    <subfield code="p">259148</subfield>
    <subfield code="t">1</subfield>
  </datafield>
  <datafield tag="942" ind1=" " ind2=" ">
    <subfield code="c">SCORE</subfield>
  </datafield>
  <datafield tag="980" ind1=" " ind2=" ">
    <subfield code="a">NB</subfield>
  </datafield>
  <datafield tag="980" ind1=" " ind2=" ">
    <subfield code="a">ONIZ</subfield>
  </datafield>
  <datafield tag="995" ind1=" " ind2=" ">
    <subfield code="5">2017-06-04</subfield>
    <subfield code="b">NLR01</subfield>
    <subfield code="c">NLR01</subfield>
    <subfield code="e">ONIZ</subfield>
    <subfield code="k">&#x41A;-3/28424(1) &#x41A;-3/28424(1)</subfield>
    <subfield code="o">0</subfield>
    <subfield code="r">SCORE</subfield>
    <subfield code="s">3284241_3284241</subfield>
  </datafield>
</record>
